000 01315nam a2200349Ia 4500
001 ebr10135741
003 CaPaEBR
006 m u
007 cr cn|||||||||
008 021025s2003 nyua sb 001 0 eng d
010 _z 2002192552
015 _aGBA3-X3771
020 _z1403982368
020 _z1403962065
020 _z1403962073 (pbk.)
040 _aCaPaEBR
_cCaPaEBR
035 _a(OCoLC)560471757
050 1 4 _aBL65.I55
_bR45 2003eb
245 0 0 _aReligion in international relations
_h[electronic resource] :
_bthe return from exile /
_cedited by Pavlos Hatzopoulos and Fabio Petito.
250 _a1st ed.
260 _aNew York :
_bPalgrave Macmillan,
_c2003.
300 _a286 p. :
_bill.
504 _aIncludes bibliographical references and index.
533 _aElectronic reproduction.
_bPalo Alto, Calif. :
_cebrary,
_d2011.
_nAvailable via World Wide Web.
_nAccess may be limited to ebrary affiliated libraries.
650 0 _aReligion and international relations.
650 0 _aReligion and politics.
655 7 _aElectronic books.
_2local
700 1 _aPetito, Fabio.
700 1 _aHatzopoulos, Pavlos.
710 2 _aebrary, Inc.
856 4 0 _uhttp://site.ebrary.com/lib/rucke/Doc?id=10135741
_zAn electronic book accessible through the World Wide Web; click to view
999 _c189338
_d189338